Abkürzungen von Fahrzeugen im (erweiterten) Rettungsdienst (DE) - Statistiken

Allgemein
  • Dieses Quiz wurde 96 mal gespielt
  • Das Durchschnittsergebnis liegt bei 7 aus 9
Antwortstatistiken
Abkürzung Antwort % Korrekt
RTW Rettungswagen
98%
KTW Krankentransportwagen
95%
RTH Rettungshubschrauber
86%
NEF Notarzteinsatzfahrzeug
85%
ELW Einsatzleitwagen
80%
NKTW Notfallkrankentransportwagen
74%
ITW Intensivtransportwagen
71%
KdoW Kommandowagen
69%
S-RTW Schwerlast-Rettungswagen
64%
Keine übereinstimmenden Quizze gefunden
Verteilung der Resultate
Anzahl Personen mit jedem Resultat
Perzentil nach korrekt beantworteten Fragen
Ihre Resultats-Entwicklung
Sie haben dieses Quiz noch nicht gespielt